Online Catalogue and eLibrary

Social experience and anthropological knowledge / (Record no. 295)

MARC details
000 -LEADER
fixed length control field 00694pam a2200229 a 4500
001 - CONTROL NUMBER
control field 3944278
005 - DATE AND TIME OF LATEST TRANSACTION
control field 20240206011525.0
008 - FIXED-LENGTH DATA ELEMENTS--GENERAL INFORMATION
fixed length control field 931105s1994 enka b 001 0 eng
020 ## - INTERNATIONAL STANDARD BOOK NUMBER
ISBN 0415106575
020 ## - INTERNATIONAL STANDARD BOOK NUMBER
ISBN 0415106583 (pbk.)
040 ## - CATALOGING SOURCE (பட்டியலாக்க மூலம்)
Original cataloging agency DLC
Transcribing agency DLC
Modifying agency DLC
082 00 - DDC Classification
Class No. 306.
DDC Edition Number 20
Item Number - Author Mark SOC.
245 00 - TITLE STATEMENT
Title Social experience and anthropological knowledge /
Statement of responsibility, etc. edited by Kirsten Hastrup and Peter Hervik.
260 ## - PUBLICATION, DISTRIBUTION, ETC.
Place of publication, distribution, etc. London ;
-- New York :
Name of publisher, distributor, etc. Routledge,
Date of publication, distribution, etc. 1994.
300 ## - PHYSICAL DESCRIPTION
Extent (e.g. Volumes, Pages etc.) ix, 249 p. :
650 #0 - SUBJECT ADDED ENTRY--TOPICAL TERM
Topical term or geographic name entry element Ethnology
650 #0 - SUBJECT ADDED ENTRY--TOPICAL TERM
Topical term or geographic name entry element Ethnology
700 1# - ADDED ENTRY--PERSONAL NAME
Personal name Hastrup, Kirsten.
Relator term (Role) Editor
700 1# - ADDED ENTRY--PERSONAL NAME
Personal name Hervik, Peter,
Relator term (Role) Editor
856 42 - ELECTRONIC LOCATION AND ACCESS
Uniform Resource Identifier <a href="http://www.loc.gov/catdir/enhancements/fy0648/93044330-d.html">http://www.loc.gov/catdir/enhancements/fy0648/93044330-d.html</a>
942 ## - Koha item type (Biblio)
Koha item type Books in Stacks (Lending)
Holdings
Lost status Damaged status Collection code Home library Current library Date acquired Full call number Accession Number Item type
    Lending WERC Library WERC Library 02/06/2024 306. SOC. 3938 Books in Stacks (Lending)

© WERC Library